| 000 | 00409nam a22001697a 4500 | ||
|---|---|---|---|
| 003 | OSt | ||
| 005 | 20260606124804.0 | ||
| 008 | 260606b |||||||| |||| 00| 0 eng d | ||
| 020 | _a9781316638101 | ||
| 082 | _a004.6782 BHC | ||
| 100 | _aBHOWMIK,Sandeep | ||
| 245 | _aCloud Computing | ||
| 250 | _a1st Ed Rep | ||
| 260 |
_aNew Delhi _bCambridge University Press _c2025 |
||
| 300 | _a407p. | ||
| 942 |
_2ddc _cBK |
||
| 999 |
_c14018 _d14018 |
||